02943cam a22004094i 4500003000900000005001700009008004100026035002000067040003300087100004000120245022100160264001000381300004200391336002100433337002500454338002300479502005900502504002700561520167100588526001002259526001002269526000902279526000902288526000902297526000902306526000902315526000902324526000902333526000802342526000802350526000802358526000802366526000802374610005502382610005402437600004202491PE-LiUPU20250731165424.0160128s2015 pe a rm 000 0 spa d a(Sirsi) a155841 aPE-LiUPUbspacPE-LiUPUerda1 aSoncco Cruz, Héctor Raúleautor1 aNivel de relación que existe entre la lectura de los libros de Elena G. de White y compromiso espiritual en los miembros de la Iglesia Adventista "San José", Callao "B", Lima, 2012 /cHéctor Raúl Soncco Cruz. 0c2015. a110 hojas : bilustraciones;c28.5 cm atext2rdacontent aunmediated2rdamedia avolume2rdacarrier aTesisb(Lic.) -- cUniversidad Peruana Unión,d2015. aIncluye bibliografía3 aPara lograr los objetivos planteados, el presente trabajo de investigación es de tipo correlacional, porque pretende determinar la relación que existe entre dos variables en un contexto particular. Además, presenta un diseño no experimental, de corte transversal. La recolección de datos se realizó mediante una encuesta de 131 preguntas. El objetivo es determinar la relación que existe entre la lectura de libros de Elena G. de White y el compromiso espiritual de los miembros de la Iglesia Adventista "San José", Callao B, Lima, 2012. El compromiso espiritual se define en términos de relación con la misión de la IASD y por el grado de involucramiento y entrega del cristiano al servicio de Dios. Una muestra de ello se refleja en la asistencia regular a los cultos y programas de la iglesia, y en la fidelidad que ostenta al dar los diezmos, ofrendas y pactos. También se ve reflejado en los cultos familiares y personales que el cristiano practica en su vida. Como se ve, el compromiso espiritual es unidimensional, puesto que gira en torno a la misión de la iglesia (Mt. 28: 19-20). Conclusión: El estudio mostró que el nivel de relación que existe entre lectura de los libros de Elena G. de White con el compromiso espiritual en los miembros de la iglesia Adventista de "San José", Callao "B", es positiva media, próxima a alta, significativa el 0.01. Además, la tenencia de los libros de Elena G. de White con la fidelidad en los diezmos, ofrendas y pactos y el trabajo misionero es positiva media. En tal sentido, a mayor lectura de los libros de Elena G. de White, mayor es la relación con el compromiso espiritual. aSEG44 aSEG26 aP151 aP150 aP149 aP146 aP145 aP126 aP125 aP92 aP75 aP74 aP27 aP1504aAdventistas del Séptimo DíaxVotos religiosos.04aAdventistas del Séptimo DíaxVida espiritual.1 aWhite, Elena G. dexLibros y lectura.